00808nam a22002177a 4500999001900000005001700019010001300036020002600049035001300075037000900088082000800097100001500105245004700120260003800167270011500205300002300320500006700343700001700410942002200427952014100449 c181848d18184820211007112127.0 aB-741712 a9789353793067c400.00 aB-741712 aGift a485 aDharamdeep aM.E.G.-4,Aspects Of Language /cDharamdeep a DelhibNeeraj Publicationsc202? a1507,Ist Floor,Nai Sarakb Delhie110006k011-23260329,45704411, 23244362, 23285501minfo@neerajignoubooks.com a316p. c24cm(pbk)  aI.G.N.O.U. Based Queation Bank Cum Chapterwise Reference Book aMangla, N.K. 2ddccENmDHAh485 001040708NFICaAVbAVd2021-10-07eGift/4.10.2021g400.00l0o485 DHApB-741712r2021-10-07 00:00:00t1v400.00w2021-10-07yENzGift